000 01040cam a2200217 4500
001 WB4024-06
008 040623n2004 000 0 eng u
035 _a(Sirsi) u126581
245 _aRegional quality of life indicators
260 _c2004
490 _aDEFRA News Release
_v234/04 22 June 2004 (4)
520 _aAccording to the Environment Minister good progress is being made in tackling social, economic and environmental issues across the English regions. Comments are based on the "Regional quality of life counts" - a report published by DEFRA. This annual snapshot compares regional progress against the government's 15 headline indicators of sustainable development, including reducing crime and reusing previously developed land for housing. http://www.defra.gov.uk/news/2004/040622a.htm
590 _aWB
590 _aWB
650 _aQUALITY OF LIFE COUNTS
650 _aSUSTAINABLE DEVELOPMENT
650 _aENGLISH REGIONS
650 _aENVIRONMENT
_96238
690 _aDEVELOPMENT-SUSTAINABLE
942 _n0
999 _c117585
_d117585